000 01216nam0a22003011 4500
001 rc\2282868
005 20110829191751.9
035 _a(NLR Aleph) 006561952
090 _a6853055
_c6853055
100 _a20110829d1976 |||y0rusy50 ca
101 0 _arus
102 _aRU
105 _ay z |||||
200 1 _aАлгебраические исследования
_eМежвуз. сборник
_fУрал. политехн. ин-т им. С.М. Кирова
_g[Ред. коллегия: ... доц., канд. физ.-мат. наук В.Т. Нагребецкий (отв. ред.) и др.]
210 _aСвердловск
_cУПИ
_d1976
215 _a123 с.
_d20
320 _aСписки лит. в конце статей
606 _aАлгебра
_jСборники
_2psbo
686 _aВ152.3я43
_2rubbk
702 1 _aНагребецкий
_bВ. Т.
_4340
712 0 2 _aУральский политехнический институт им. С. М. Кирова
_cСвердловск
_3RU\NLR\AUTH\884238
801 0 _aRU
_bNLR
_gpsbo
801 1 _aRU
_bELAR
_2rusmarc
852 _aNLR
_j77-3/1135
899 _aRuMoRGB
_jБ 76-6/31
899 _aRuMoRGB
_jБ 76-6/32
942 _cBOOK
980 _aNB